000 03596njm a2200409Ia 4500
001 C2901
003 IT-RoPAU
005 20220918181115.0
008 131025s9999 xx 000 0 und d
040 _aIT-RoPAU
040 _cIT-RoPAU
999 _c99333
_d99333
999 _bn.d.
100 _aAA.VV.
_9794
100 _eAutore musica
_929910
100 _gCodice autore musica SPICS: 12000
_9796
245 _aLive In Europe
250 _a2a ed.
260 _aMILANO
260 _bRUSCONI
_c1994 [1a Ed.:1967 - Ed. Lingua Orig.: 1967]
300 _aCOMPACT DISC
300 _c67 minuti (Testo: 0 pag.)
500 _aMusica jazz. Cd fuori commercio allegato al n. 5 1994 della rivista "Musica jazz"
505 _aTake the "A" Train (Rotterdam, 28 gennaio 1967) (Ellington Duke) (7:00)] - Johnny Come Lately [(Rotterdam, 28 gennaio 1967) (Ellington Duke) (5:00)] - Swamp Goo (Rotterdam, 28 gennaio 1967) (Ellington Duke) (6:00)] - The Shepherd [(Rotterdam, 28 gennaio 1967) (Ellington Duke) (7:00)] - Chromatic Love Affair [(Rotterdam, 28 gennaio 1967) (Ellington Duke) (5:00)] - Rue Bleu [(Rotterdam, 28 gennaio 1967) (Ellington Duke) (4:00)] - Wild Onions [(Rotterdam, 28 gennaio 1967) (Ellington Duke) (3:00)] - Mara Gold [(Rotterdam, 28 gennaio 1967) (Ellington Duke) (9:00)] - Beautiful Woman Walks Well [(Rotterdam, 28 gennaio 1967) (Ellington Duke) (4:00)] - On the Sunny Side of the Street [(Rotterdam, 28 gennaio 1967) (Fitzgerald Ella) (3:00)] - You've Changed [(Rotterdam, 28 gennaio 1967) (Fitzgerald Ella) (5:00)] - Mack the Knife [(Rotterdam, 28 gennaio 1967) (Fitzgerald Ella) (6:00)] - Cotton Tail [(Rotterdam, 28 gennaio 1967) (Fitzgerald Ella) (5:00)]
511 _aAnderson Cat: tr; Williams Cootie: tr; Jones Herbie: tr; Johnson Money Ellington Mercer: tr; Cooper Buster: trne; Brown Lawrence: trne; Connors Chuck: trne; Hodges Johnny: alto; Procope Russell: alto, cl; Gonsalves Paul: ten; Hamilton Jimmy: ten. cl; Carney Harry: bar, cl, clb; Ellington Duke: p; Lamb John: cb; Jones Rufus: batt; Duke Ellington and His Orchestra
511 _aAnderson Cat: tr; Williams Cootie: tr; Jones Herbie: tr; Johnson Money Ellington Mercer: tr; Cooper Buster: trne; Brown Lawrence: trne; Connors Chuck: trne; Hodges Johnny: alto; Procope Russell: alto, cl; Gonsalves Paul: ten; Hamilton Jimmy: ten, cl; Carney Harry: bar, cl, clb; Jones Jimmy: p; Cranshaw Bob: cb; Woodyard Sam: batt; Fitzgerald Ella: voc; Ella Fitzgerald with Jimmy Jones Trio and Duke Ellington's Orchestra
650 _aJAZZ [COMPACT DISC]
_eCodice MATERIA SPICS: 9949
_911822
700 _aStrayhorn Billy
_dCodice autore musica SPICS: 16295
_eAutore musica
_pTake the "A" Train - Johnny Come Lately
_929911
700 _aEllington Duke
_dCodice autore musica SPICS: 13023
_eAutore musica
_pSwamp Goo - The Shepherd - Chromatic Love Affair - Rue Bleu - Mara Gold - Beautiful Woman Walks Well - Cotton Tail
_929912
700 _aAnderson Cat
_dCodice autore musica SPICS: 16298
_eAutore musica
_pWild Onions
_929913
700 _aFitzgerald Ella
_dCodice autore musica SPICS: 10784
_eAutore musica
_pOn the Sunny Side of the Street
_929914
700 _aMcHugh Jimmy
_dCodice autore SPICS: 16297
_eAutore
_pOn the Sunny Side of the Street
_929915
700 _aCarey
_dCodice autore musica SPICS: 20483
_eAutore musica
_pYou've Changed
_929916
700 _aFischer
_dCodice autore SPICS: 33152
_eAutore
_pYou've Changed
_929917
700 _aWeill Kurt
_dCodice autore musica SPICS: 11200
_eAutore musica
_pMack the Knife
_929918
700 _aBrecht Stefan
_dCodice autore SPICS: 8827
_eAutore
_pMack the Knife
_929919
942 _cCD
_2ddc